[Event "Moscow Open 2012 A"]
[Site "Moscow RUS"]
[Date "2012.01.28"]
[Round "1.35"]
[White "Prokopchuk,Y"]
[Black "Frolyanov,D"]
[Result "1-0"]
[WhiteElo "2331"]
[BlackElo "2555"]

1.Nf3 d5 2.c4 e6 3.g3 Nf6 4.Bg2 dxc4 5.Qa4+ Nbd7 6.Qxc4 a6 7.Qc2 c5 8.O-O Be7
9.d4 O-O 10.Nc3 cxd4 11.Nxd4 Nb6 12.Rd1 Qc7 13.e4 Bd7 14.Qe2 Rac8 15.e5 Nfd5
16.Nxd5 Nxd5 17.Bxd5 exd5 18.e6 Bc6 19.Bf4 Bd6 20.Bxd6 Qxd6 21.Nf5 Qxe6 22.Ne7+ Kh8
23.Qxe6 fxe6 24.Nxc8 Rxc8 25.f4 Kg8 26.Kf2 Kf7 27.Ke3 Ke7 28.Kd4 Kd6 29.Re1 h6
30.Rac1 g5 31.f5 exf5 32.Re5 Rf8 33.Rf1 f4 34.gxf4 gxf4 35.Rh5 Rf6 36.Rf3 Kc7
37.Rh4 Re6 38.Rhxf4 Re2 39.Rf2 Re1 40.Rh4 Re6 41.b3 Kb6 42.Rf3 Kb5 43.a3 a5
44.Rfh3 Re2 45.Rxh6 Ra2 46.a4+ Kb4 47.Rg3 Rd2+ 48.Rd3 Re2 49.Rh4 Rb2 50.Ke5+ Ka3
51.Rh7 Re2+ 52.Kd6 Kb2 53.Kc5 Kc2 54.Rhh3 Bd7 55.Rhe3 Rxh2 56.Rxd5 Bc6 57.Rde5 Rh6
58.Re2+ Kd1 59.Rb2 Rg6 60.Kb6 Bxa4+ 61.Kxa5 Bc6 62.Rf5 Ke1 63.Kb4 Rg4+ 64.Kc5 Be4
65.Re5 Kd1 66.b4 Bc2 67.b5 Kc1 68.Ra2 Rg6 69.Re2 b6+ 70.Kd4 Rg4+ 71.Ke5 Rg5+
72.Kd6 Kd1 73.Raxc2  1-0

[Event "TCh-CZE Liga1 Vychod"]
[Site "Czech Rep CZE"]
[Date "2012.01.29"]
[Round "7"]
[White "Zabystrzan,P"]
[Black "Sosna,J"]
[Result "1/2-1/2"]
[WhiteElo "2316"]
[BlackElo "2398"]

1.Nf3 d5 2.c4 e6 3.d4 c6 4.cxd5 exd5 5.Qc2 Bd6 6.Nc3 Ne7 7.Bg5 f6 8.Bd2 O-O
9.e4 dxe4 10.Nxe4 Bc7 11.Bc4+ Nd5 12.O-O Nd7 13.Ng3 Bxg3 14.Bxd5+ cxd5 15.hxg3 Nb6  1/2-1/2

[Event "TCh-CZE Liga 1 Zapad"]
[Site "Czech Rep CZE"]
[Date "2012.01.29"]
[Round "7.2"]
[White "Freisler,P"]
[Black "Cech,P"]
[Result "0-1"]
[WhiteElo "2323"]
[BlackElo "2369"]

1.Nf3 d5 2.c4 c6 3.g3 Nf6 4.Bg2 dxc4 5.Qc2 Be6 6.Ng5 Bd5 7.e4 h6 8.exd5 hxg5
9.dxc6 Nxc6 10.Na3 Rc8 11.O-O Ng4 12.h3 Nge5 13.b3 g4 14.hxg4 Qd4 15.Nxc4 Nxc4
16.bxc4 Qxa1 17.Bb2 Qxa2 18.Ra1 Nd4 19.Rxa2 Nxc2 20.Bxb7 Rxc4 21.Rxa7 Nb4
22.d3 Rc2 23.Ba3 Nc6 24.Ra8+ Kd7 25.Bc8+ Kc7 26.Bf5 e6 27.Be4 Bxa3 28.Rxh8 Ne5
29.Rh7 Bc5 30.d4 Rc1+ 31.Kg2 Bxd4 32.Rxg7 Re1 33.Bf3 Rg1+ 34.Kxg1 Nxf3+ 35.Kg2 Ne1+
36.Kf1 Bxg7 37.Kxe1 Kd6 38.Ke2 Kd5 39.Kd3 Bd4 40.f3 Bf2  0-1

[Event "TCh-CZE Liga1 Vychod"]
[Site "Czech Rep CZE"]
[Date "2012.01.29"]
[Round "7"]
[White "Krejci,Jan1"]
[Black "Kanok,J"]
[Result "1/2-1/2"]
[WhiteElo "2195"]
[BlackElo "2192"]

1.Nf3 d5 2.c4 c6 3.g3 Nf6 4.b3 g6 5.Bb2 Bg7 6.Bg2 Qb6 7.Qc2 Bf5 8.d3 Nbd7
9.O-O O-O 10.Nbd2 Rfe8 11.Rac1 Bg4 12.cxd5 Nxd5 13.Nc4 Qd8 14.Bxg7 Kxg7 15.e4 Bxf3
16.Bxf3 N5b6 17.d4 Nxc4 18.bxc4 e5 19.d5 c5 20.h4 Qc7 21.Rb1 Nf6 22.Rb3 Re7
23.Qd2 Ne8 24.h5 h6 25.hxg6 fxg6 26.Kg2 Nd6 27.Rh1 Rh8 28.Qe2 Rf8 29.Bg4 Ref7
30.f3 b6 31.Be6 Rf6 32.Ra3 Nf7 33.Qd2 Ng5 34.Bg4 R8f7 35.Re1 Re7 36.Rd3 Qd6
37.Qb2 h5 38.Bh3 Nxh3 39.Kxh3 g5 40.Kg2 Ref7 41.Rh1 Kg6 42.Qe2 Rh7 43.f4 gxf4
44.gxf4 Rxf4 45.Rg3+ Kf7 46.Rxh5 Rh6 47.Rgg5 Rg6 48.Kg1 Qf6 49.Qg2 Rxg5 50.Rxg5 Rxe4
51.Qxe4 Qxg5+ 52.Kf2 Qd2+ 53.Kf3 Qd1+ 54.Kg2  1/2-1/2

[Event "ch-TUR 2012"]
[Site "Kemer TUR"]
[Date "2012.01.29"]
[Round "2"]
[White "Bilgin,M"]
[Black "Korkmaz,N"]
[Result "0-1"]
[WhiteElo "1868"]
[BlackElo "2164"]

1.Nf3 d5 2.c4 c6 3.g3 Nf6 4.Bg2 g6 5.b3 Bg7 6.Bb2 O-O 7.O-O Re8 8.d3 Nbd7
9.Nbd2 e5 10.cxd5 Nxd5 11.Qc1 Nf8 12.Nc4 f6 13.Rd1 Be6 14.e4 Nb6 15.Na5 Qc7
16.Qc3 Rad8 17.a4 Bg4 18.b4 Ne6 19.Qb3 Kh8 20.h3 Bxf3 21.Bxf3 Nd4 22.Bxd4 Rxd4
23.b5 c5 24.Rdc1 Red8 25.Be2 f5 26.exf5 gxf5 27.Qe6 e4 28.Qxf5 exd3 29.Rxc5 Qe7
30.Bg4 R4d5 31.Rxd5 Rxd5 32.Qf3 Bxa1 33.Nb3 d2  0-1

[Event "34th Tringov Memorial"]
[Site "Plovdiv BUL"]
[Date "2012.01.29"]
[Round "1.23"]
[White "Milchev,N"]
[Black "Nikolov,Zdravko"]
[Result "1-0"]
[WhiteElo "2434"]
[BlackElo "1762"]

1.Nf3 d5 2.c4 c6 3.d4 Nf6 4.cxd5 cxd5 5.Nc3 Nc6 6.Bf4 e6 7.e3 Be7 8.Bd3 O-O
9.Rc1 a6 10.a3 Bd7 11.O-O Nh5 12.Be5 f6 13.Bg3 Nxg3 14.hxg3 g6 15.e4 dxe4
16.Nxe4 Rc8 17.b4 Qb6 18.Nc5 Bxc5 19.bxc5 Qa5 20.Qb3 Rb8 21.d5 Ne7 22.dxe6 Bc6
23.Rfe1 Rfd8 24.Be4 Bd5 25.Qb2 Kg7 26.Ng5 Qb5 27.Qa1 Qb3 28.Nf7 Rdc8 29.Nd6 Rc7
30.Re3 Qa2 31.Qd4 Bxe4 32.Nxe4 Rf8 33.g4 Qxe6 34.Ng5 Qd7 35.Ne6+ Kg8 36.Qc4 Rf7
37.Rd3 Qe8 38.Rd8  1-0

[Event "85th ch-St Petersburg SF"]
[Site "St Petersburg RUS"]
[Date "2012.01.29"]
[Round "2.3"]
[White "Malakhov,I"]
[Black "Golovankov,V"]
[Result "1-0"]
[WhiteElo "2422"]
[BlackElo "2288"]

1.Nf3 d5 2.c4 c6 3.g3 Nf6 4.Bg2 g6 5.O-O Bg7 6.d4 O-O 7.cxd5 cxd5 8.Ne5 e6
9.Nc3 Nfd7 10.f4 f6 11.Nf3 f5 12.Ne5 Nc6 13.Be3 Nf6 14.Nxc6 bxc6 15.Na4 Ne4
16.Rc1 Qd6 17.Qc2 Bd7 18.Bxe4 fxe4 19.Qc5 Qb8 20.Qc3 Qd6 21.Nc5 Bc8 22.Rc2 Rf7
23.b4 Bf8 24.a3 a5 25.bxa5 Rfa7 26.Bd2 Rxa5 27.Qxa5 Rxa5 28.Bxa5 Qb8 29.Bb4 Qb5
30.Kf2 Kf7 31.Rb1 Bxc5 32.Rxc5 Qb6 33.Rb2 Ke8 34.Bc3 Qa6 35.Rb8 Kd7 36.Ra5  1-0

[Event "Moscow Open 2012 A"]
[Site "Moscow RUS"]
[Date "2012.01.30"]
[Round "3.47"]
[White "Prokopchuk,Y"]
[Black "Predke,A"]
[Result "1/2-1/2"]
[WhiteElo "2331"]
[BlackElo "2467"]

1.Nf3 d5 2.c4 e6 3.g3 Nf6 4.Bg2 dxc4 5.Qa4+ Nbd7 6.Qxc4 Rb8 7.d4 b5 8.Qc2 Bb7
9.a4 c5 10.O-O Rc8 11.axb5 cxd4 12.Qd1 Bxf3 13.exf3 Bc5 14.b4 Bb6 15.f4 O-O
16.Bb2 e5 17.Re1 Re8 18.Na3 exf4 19.Rxe8+ Qxe8 20.Bxd4 fxg3 21.hxg3 Qe7 22.Bxb6 axb6
23.Nc2 h5 24.Qd2 Ne5 25.Nd4 Nfg4 26.Nc6 Qf6 27.Re1 Kh7 28.Be4+ g6 29.Qf4 Qxf4
30.gxf4 Nc4 31.f5 Rc7 32.Bd3 Nd2 33.fxg6+ fxg6 34.Be2 Nf6 35.Ra1 Nde4 36.Ra6 Nd7
37.Bc4 Nd6 38.Be6 Nf8 39.Bh3 Rb7 40.Nd8 Rb8 41.Nc6 Rb7 42.Bg2 Nxb5 43.Na5 Re7
44.Rxb6 Re1+ 45.Kh2 Nd4 46.Rb7+ Kh6 47.b5 Nh7 48.b6 Nf6 49.f3 Re6 50.Nc4 Nd5
51.Rd7 Nxf3+ 52.Bxf3 Nxb6 53.Nxb6 Rxb6 54.Rd5  1/2-1/2

[Event "Moscow Open Women 2012"]
[Site "Moscow RUS"]
[Date "2012.01.30"]
[Round "3.15"]
[White "Krasenkova,I"]
[Black "Romanko,M"]
[Result "0-1"]
[WhiteElo "2131"]
[BlackElo "2389"]

1.Nf3 d5 2.c4 c6 3.b3 Bg4 4.e3 e6 5.Nc3 Nf6 6.h3 Bh5 7.Be2 Nbd7 8.O-O Bd6
9.Bb2 O-O 10.d4 Qb8 11.Qc2 Bg6 12.Bd3 b5 13.Bxg6 hxg6 14.c5 Bc7 15.b4 a5
16.a3 Qb7 17.Rfb1 axb4 18.axb4 Rxa1 19.Rxa1 Re8 20.Bc1 e5 21.Qa2 e4 22.Nd2 Bb8
23.Nf1 Nf8 24.Qa6 Qd7 25.Ne2 Ne6 26.Qa3 g5 27.Nfg3 g4 28.h4 g6 29.Qc3 Kg7
30.Nf4 Rh8 31.Nge2 Rxh4 32.Ra8 Rh8 33.Qa1 Nc7 34.Rxb8 Rxb8 35.Ng3 Ra8 36.Qb2 Ne6
37.Nfe2 Rh8 38.Qa2 Nh5 39.Bd2 Nxg3 40.Nxg3 Qc7 41.Nf1  0-1

[Event "Moscow Open 2012 A"]
[Site "Moscow RUS"]
[Date "2012.01.30"]
[Round "3.58"]
[White "Mesropov,K"]
[Black "Rozhkov,Ve"]
[Result "1-0"]
[WhiteElo "2419"]
[BlackElo "2282"]

1.Nf3 d5 2.c4 e6 3.g3 Nf6 4.Bg2 Be7 5.O-O O-O 6.b3 Ne4 7.Bb2 Bf6 8.Qc2 Nc6
9.d3 Bxb2 10.Qxb2 Qf6 11.Qxf6 Nxf6 12.Nc3 Bd7 13.Rfc1 a6 14.Na4 dxc4 15.bxc4 Rad8
16.Nc5 Bc8 17.Rab1 b6 18.Nb3 Rfe8 19.Ne1 Bd7 20.c5 b5 21.Nc2 Nd5 22.Ncd4 Nxd4
23.Nxd4 c6 24.Nb3 Re7 25.Nd2 Nf6 26.a4 Be8 27.Ra1 Rc7 28.axb5 axb5 29.Nb3 e5
30.Ra6 Nd5 31.Bxd5 Rxd5 32.Ra8 Kf8 33.Rca1 Ke7 34.Rb8 f6 35.Ra6 Bf7 36.Rbb6 Kd7
37.f3 e4 38.d4 exf3 39.e4 Rh5 40.Nd2 f5 41.Nxf3 fxe4 42.Ne5+ Rxe5 43.dxe5 Bd5
44.Rb8 Ke6 45.Re8+ Kf5 46.Kf2 Bf7 47.Rea8 Kxe5 48.R6a7 Rxa7 49.Rxa7 Bd5 50.Ke3 b4
51.Rxg7 b3 52.Rxh7 Bc4 53.Rb7 Kd5 54.h4 Bb5 55.Rd7+ Kxc5 56.Rd1 Kb4 57.h5 Bc4
58.h6 Bg8 59.Rd8 Bh7 60.Rd7 Bf5 61.h7 Bxd7 62.h8=Q c5 63.Kd2 c4 64.Qf8+ Kb5
65.Kc3  1-0

[Event "ch-TUR 2012"]
[Site "Kemer TUR"]
[Date "2012.01.31"]
[Round "5"]
[White "Sahin,S"]
[Black "Yelken,Mustafa"]
[Result "0-1"]
[WhiteElo "1924"]
[BlackElo "2098"]

1.Nf3 d5 2.c4 c6 3.d4 Nf6 4.Nc3 Bf5 5.e3 e6 6.Qb3 Qb6 7.c5 Qc7 8.Nh4 Nbd7
9.Nxf5 exf5 10.Qc2 g6 11.Bd3 Bg7 12.Bd2 O-O 13.O-O Ng4 14.g3 Rfe8 15.b4 h5
16.a4 h4 17.b5 hxg3 18.hxg3 Bf6 19.Kg2 Kg7 20.Rh1 Bg5 21.Rae1 Ndf6 22.Bxf5 Rh8
23.Bd3 Rxh1 24.Rxh1 Re8 25.Qc1 Qd7 26.Ne2 Ne4 27.Nf4 Nexf2 28.Re1 Bxf4  0-1

[Event "Moscow Open 2012 A"]
[Site "Moscow RUS"]
[Date "2012.01.31"]
[Round "4.82"]
[White "Gordievsky,D"]
[Black "Harutyunian,T"]
[Result "1-0"]
[WhiteElo "2406"]
[BlackElo "2226"]

1.Nf3 d5 2.c4 e6 3.g3 Nf6 4.Bg2 dxc4 5.Qa4+ Nbd7 6.Qxc4 a6 7.O-O b5 8.Qc2 Bb7
9.a4 c5 10.Nc3 Qb6 11.d3 Rc8 12.axb5 axb5 13.Qb3 Bc6 14.Bf4 Be7 15.Ne1 b4
16.Nb1 Nd5 17.Nd2 Nxf4 18.gxf4 O-O 19.Nc4 Qb8 20.Bxc6 Rxc6 21.Qa4 Rfc8 22.Qa7 Qxa7
23.Rxa7 R8c7 24.Ra8+ Rc8 25.Ra7 R8c7 26.Ra5 g5 27.fxg5 Bxg5 28.Nf3 Bf6 29.Rfa1 Nb6
30.Nfd2 Nd5 31.Ne4 Be7 32.Ne5 Rb6 33.Ra8+ Kg7 34.e3 f6 35.Nc4 Rbc6 36.Na5 Rb6
37.Nc4 Rbc6 38.Rb8 Rc8 39.Rb5 Kf8 40.Kf1 Rd8 41.Ra7 Rc7 42.Raa5 Rdc8 43.Ncd6 Rd8
44.Nb7 Rb8 45.Nbxc5 Rxb5 46.Rxb5 Kf7 47.d4 Ra7 48.Rb7 Ra1+ 49.Ke2 h5 50.Nd6+ Kg6
51.Nc4 Kf7 52.e4 Nf4+ 53.Kf3 Ng6 54.Nd3 Nh4+ 55.Ke2 f5 56.d5 fxe4 57.Nde5+ Kf6
58.d6 Bd8 59.Rf7+ Kg5 60.Rf8 Bf6 61.d7 Nf3 62.h4+ Kxh4 63.Nxf3+ exf3+ 64.Kxf3 Bg5
65.d8=Q Bxd8 66.Rxd8 Kh3 67.Rh8 h4 68.Ne5 Rd1 69.Ng6 Rd3+ 70.Ke4 Rd2 71.Nf4+ Kh2
72.Rxh4+ Kg1 73.Nd3 b3 74.Ke3 Rc2 75.Rb4 Kf1 76.Rxb3 e5 77.Nxe5 Rxf2 78.Rb8 Re2+
79.Kd4 Rd2+ 80.Kc5 Rc2+ 81.Nc4 Ke2 82.Rd8  1-0

[Event "Moscow Open E 2012"]
[Site "Moscow RUS"]
[Date "2012.01.31"]
[Round "4"]
[White "Batsiashvili,N"]
[Black "Bulmaga,I"]
[Result "1-0"]
[WhiteElo "2426"]
[BlackElo "2360"]

1.Nf3 d5 2.c4 c6 3.e3 Nf6 4.Nc3 a6 5.Qc2 e6 6.d4 c5 7.cxd5 exd5 8.Be2 Nc6
9.O-O Be6 10.Rd1 Nb4 11.Qb1 Qc8 12.Bd2 Bf5 13.Qc1 c4 14.a3 Nd3 15.Bxd3 Bxd3
16.Ne5 Bd6 17.Nxd3 cxd3 18.Be1 Qf5 19.f3 Qh5 20.h3 g5 21.Rxd3 Qg6 22.e4 h5
23.Qc2 dxe4 24.fxe4 Bf4 25.e5 Be3+ 26.Kh1 Ng4 27.Qe2 Bf2 28.Ne4 Bxe1 29.Rxe1 Qxe4
30.Qxe4 Nf2+ 31.Kg1 Nxe4 32.Rxe4 Rc8 33.Kf2 Ke7 34.d5 Rc2+ 35.Re2 Rhc8 36.Ke3 Rc1
37.Ke4 R8c4+ 38.Rd4 R1c2 39.Rxc2 Rxc2 40.Rb4 b5 41.a4 bxa4 42.Rb7+ Ke8 43.Kf5 Rf2+
44.Kxg5 Rxg2+ 45.Kf5 Rf2+ 46.Ke4 Rh2 47.d6 Rf2 48.Re7+ Kd8 49.Ra7 Re2+ 50.Kf5 Rf2+
51.Kg5 Rg2+ 52.Kf5 Rf2+ 53.Ke4 Re2+ 54.Kd4 Ke8 55.Rxa6 Rxb2 56.Rxa4 Rd2+
57.Ke4 Rf2 58.Ra8+ Kd7 59.Rh8 Re2+ 60.Kf5 Rf2+ 61.Kg5 Re2 62.Kf4 Rf2+ 63.Ke3 Rf1
64.Rxh5 f6 65.Rh7+ Kd8 66.Kd4 Rd1+ 67.Kc5 fxe5 68.Kc6 Rc1+ 69.Kd5 Rg1 70.Ke6 Rg6+
71.Kxe5 Rg5+ 72.Kf6 Rg3 73.h4 Rf3+ 74.Ke5 Re3+ 75.Kd4 Re6 76.Kd5 Re1 77.h5 Rd1+
78.Ke5 Re1+ 79.Kf5 Rf1+ 80.Kg6 Rg1+ 81.Kh6 Rd1 82.Ra7 Rxd6+ 83.Kg7 Rd1 84.h6 Rg1+
85.Kf6 Rf1+ 86.Ke5 Re1+ 87.Kd4 Rd1+ 88.Ke4  1-0

[Event "ch-TUR 2012"]
[Site "Kemer TUR"]
[Date "2012.02.01"]
[Round "6.5"]
[White "Buyukasik,D"]
[Black "Firat,B"]
[Result "0-1"]
[WhiteElo "1986"]
[BlackElo "2396"]

1.Nf3 d5 2.c4 c6 3.Qc2 Nf6 4.e3 g6 5.b3 Bg7 6.Bb2 O-O 7.d3 Na6 8.a3 Bf5 9.Nbd2 Rc8
10.Be2 Nc5 11.Nd4 Bg4 12.Bxg4 Nxg4 13.b4 Nd7 14.h3 Nh6 15.N4f3 e5 16.e4 d4
17.c5 f6 18.Qb3+ Nf7 19.Nc4 Kh8 20.h4 h5 21.g4 b5 22.cxb6 Nxb6 23.gxh5 gxh5
24.Nfd2 Nh6 25.Qd1 Ng4 26.Qf3 f5 27.exf5 Qd7 28.Nxb6 axb6 29.Ne4 Rxf5 30.Qe2 c5
31.Bc1 Rcf8 32.O-O Rf3 33.Bg5 Nh2 34.Kxh2 Qh3+ 35.Kg1 Qg4+  0-1

[Event "Moscow Open 2012 A"]
[Site "Moscow RUS"]
[Date "2012.02.01"]
[Round "5.64"]
[White "Prokopchuk,Y"]
[Black "Gordievsky,D"]
[Result "1/2-1/2"]
[WhiteElo "2331"]
[BlackElo "2406"]

1.Nf3 d5 2.c4 c6 3.cxd5 cxd5 4.d4 Nf6 5.Nc3 a6 6.Bf4 Nc6 7.e3 Nh5 8.Bg5 h6
9.Bh4 g5 10.Bg3 Nxg3 11.hxg3 Bg7 12.Bd3 Rb8 13.Qb3 e6 14.g4 Qa5 15.O-O-O Qb4
16.Qc2 Qe7 17.Qe2 Bd7 18.Kb1 b5 19.Qd2 O-O 20.Bc2 Nb4 21.Ne5 Nxc2 22.Qxc2 b4
23.Nxd7 Qxd7 24.Na4 Rfc8 25.Nc5 Qd6 26.Qd3 a5 27.Rc1 e5 28.Nb3 a4 29.dxe5 Qxe5
30.Nd4 b3 31.axb3 axb3 32.Qf5 Qxf5+ 33.Nxf5 Rc4 34.Rxc4 dxc4 35.Nxg7 Kxg7
36.Kc1 Rd8 37.Rd1 Ra8 38.Kd2 Rd8+ 39.Kc1 Ra8 40.Kd2 Rd8+  1/2-1/2

[Event "Moscow Open 2012 A"]
[Site "Moscow RUS"]
[Date "2012.02.01"]
[Round "5.79"]
[White "Vafin,A"]
[Black "Ghane,S"]
[Result "0-1"]
[WhiteElo "2171"]
[BlackElo "2320"]

1.Nf3 d5 2.c4 c6 3.g3 Nf6 4.Bg2 Bg4 5.O-O e6 6.d3 Nbd7 7.Be3 Bd6 8.Qb3 Qb8
9.Nc3 O-O 10.h3 Bh5 11.g4 Bg6 12.Nh4 dxc4 13.dxc4 Nc5 14.Bxc5 Bxc5 15.Nxg6 fxg6
16.Rad1 g5 17.Na4 Bd6 18.Qe3 Bh2+ 19.Kh1 h6 20.Qxe6+ Kh8 21.Nc5 Re8 22.Qf7 Rxe2
23.Rde1 Rxe1 24.Rxe1 Bd6 25.Nxb7 Bb4 26.Re2 Qf4 27.Bxc6 Rb8  0-1

[Event "Moscow Open Women 2012"]
[Site "Moscow RUS"]
[Date "2012.02.01"]
[Round "5"]
[White "Timofeeva,Ekaterina"]
[Black "Romanko,M"]
[Result "0-1"]
[WhiteElo "2277"]
[BlackElo "2389"]

1.Nf3 d5 2.c4 c6 3.g3 Nf6 4.Bg2 Bg4 5.Ne5 e6 6.cxd5 exd5 7.Nxg4 Nxg4 8.e4 Nf6
9.e5 Nfd7 10.O-O Be7 11.d4 Na6 12.Qg4 g6 13.e6 fxe6 14.Qxe6 Nc7 15.Qe2 O-O
16.Nc3 Bf6 17.Qd3 Re8 18.Be3 a5 19.f4 Nb6 20.Bf2 Qd7 21.h3 Ne6 22.Rac1 Qg7
23.Ne2 Nc4 24.b3 Nd6 25.g4 a4 26.b4 Nc7 27.g5 Bd8 28.Ng3 Ne6 29.Be3 Bb6 30.f5 Nxf5
31.Rxf5 gxf5 32.Nxf5 Qg6 33.h4 Kh8 34.Rf1 Rf8 35.Rf3 Ng7 36.Bh3 Rae8 37.Bf2 Nxf5
38.Bxf5 Qg7 39.Kg2 Re7 40.Kh3 Ref7 41.Be3 Bc7 42.a3 Bd6 43.Qc2 Re8 44.Qd3 Qf8
45.Kg4 Qe7 46.h5 Bc7 47.g6 Bd8 48.Rh3 Rff8 49.Bh6 Rg8 50.Bf4 Qf6 51.Qd2 Rgf8
52.Qd3 hxg6 53.hxg6+ Kg8 54.Rh5 Re1 55.Qg3 Rfe8 56.Be5 R1xe5 57.dxe5 Rxe5
58.Qf4 Re7 59.Bc8 Re4  0-1

[Event "17th HIT Open A"]
[Site "Nova Gorica SLO"]
[Date "2012.02.01"]
[Round "9"]
[White "Stajner,S"]
[Black "Sivic,J"]
[Result "1-0"]
[WhiteElo "2272"]
[BlackElo "2129"]

1.Nf3 d5 2.c4 e6 3.b3 Nf6 4.Bb2 Be7 5.e3 O-O 6.Be2 b6 7.O-O Bb7 8.d3 c5 9.Nbd2 Nc6
10.Re1 Qc7 11.Rc1 Rad8 12.a3 Qb8 13.Qc2 Rd7 14.Qb1 Rfd8 15.Qa1 Ne8 16.cxd5 Rxd5
17.Ne4 Na5 18.Be5 Qa8 19.Qb2 R5d7 20.Ned2 Nc6 21.Bc3 Bf6 22.b4 Bxc3 23.Rxc3 cxb4
24.axb4 Rc8 25.Nc4 b5 26.Ncd2 Nf6 27.e4 Rcd8 28.Rc5 a6 29.Qc3 Nd4 30.Nxd4 Rxd4
31.Nb3 R4d7 32.Rc1 h6 33.h3 Kh7 34.Na5 Qb8 35.Nc6 Bxc6 36.Rxc6 Rd6 37.Qa3 Rxc6
38.Rxc6 Nd7 39.d4 Qf4 40.Rxa6 Nf6 41.Qe3 Qh4 42.Ra5 Nxe4 43.g3 Nxg3 44.fxg3 Qxh3
45.Rxb5 Rd5 46.Bd3+ f5 47.Rxd5 exd5 48.Qf3 g6 49.Bf1  1-0

[Event "Gibraltar Open"]
[Site "Caleta ENG"]
[Date "2012.02.02"]
[Round "10.95"]
[White "Boesch,Dirk"]
[Black "Kleinert,J"]
[Result "1-0"]
[WhiteElo "2131"]
[BlackElo "2004"]

1.Nf3 d5 2.c4 d4 3.g3 c5 4.b4 cxb4 5.a3 bxa3 6.Bxa3 Nc6 7.d3 g6 8.Bg2 Bg7
9.Nbd2 Nf6 10.O-O O-O 11.Qa4 Bg4 12.Rfb1 Qd7 13.Nb3 b6 14.h3 Bxf3 15.exf3 Rac8
16.f4 Rfe8 17.Bb2 Nh5 18.Kh2 Red8 19.c5 e5 20.Rc1 Na5 21.Qxd7 Rxd7 22.Nxa5 bxa5
23.c6 Rdd8 24.fxe5 Bxe5 25.Rxa5 Bb8 26.Ba3 Re8 27.Bc5 Nf4 28.Bxd4 Nxg2 29.Kxg2 Red8
30.Bf6 Rxd3 31.c7 Bxc7 32.Rxa7  1-0

[Event "ch-TUR 2012"]
[Site "Kemer TUR"]
[Date "2012.02.02"]
[Round "7"]
[White "Bilgin,M"]
[Black "Tasan,M"]
[Result "1-0"]
[WhiteElo "1868"]
[BlackElo "1989"]

1.Nf3 d5 2.c4 c6 3.g3 Nf6 4.Bg2 Nbd7 5.Qc2 e6 6.O-O Be7 7.b3 O-O 8.Bb2 Re8
9.d4 Bf8 10.Nc3 b6 11.Rfd1 Ba6 12.e4 dxc4 13.e5 Nd5 14.bxc4 Bxc4 15.Ne4 b5
16.Neg5 g6 17.h4 h6 18.Ne4 Nb4 19.Qb1 Be2 20.Rd2 Bxf3 21.Bxf3 Nd5 22.h5 g5
23.Rc2 Qb6 24.Qc1 Rec8 25.Nxg5 hxg5 26.Qxg5+ Kh8 27.Be4 Qd8 28.Qg4 Bh6 29.Bc1 Qf8
30.Kh2 N7b6 31.f4 Qb4 32.f5 Rg8 33.Qf3 Bxc1 34.fxe6 fxe6 35.Qf7 Rg7 36.Qxe6 Qe1
37.Bg6 Rf8 38.Raxc1 Rf2+ 39.Rxf2 Qxf2+ 40.Kh3 Nf4+ 41.gxf4 Qe3+ 42.Kg4 Qxc1
43.Qe8+ Rg8 44.Qf7 Qg1+ 45.Kf5 Qb1+ 46.Kg5 Qg1+ 47.Kh6 Rxg6+ 48.Qxg6 Qxg6+
49.hxg6 Nd5 50.f5 b4 51.f6 Kg8 52.Kg5 Nc7 53.Kf5 Kf8 54.e6 Nd5 55.g7+ Kg8
56.e7  1-0

[Event "Moscow Open D 2012"]
[Site "Moscow RUS"]
[Date "2012.02.02"]
[Round "6"]
[White "Belous,V"]
[Black "Stukopin,A"]
[Result "1/2-1/2"]
[WhiteElo "2522"]
[BlackElo "2460"]

1.Nf3 d5 2.c4 dxc4 3.g3 Nf6 4.Bg2 a6 5.a4 Nc6 6.Na3 e5 7.Nxc4 e4 8.Ng5 Qd4
9.d3 Bb4+ 10.Bd2 exd3 11.Bxc6+ bxc6 12.Bxb4 Qxc4 13.Qd2 c5 14.Ba3 O-O 15.Qxd3 Qxd3
16.exd3  1/2-1/2

[Event "ch-TUR 2012"]
[Site "Kemer TUR"]
[Date "2012.02.03"]
[Round "8"]
[White "Ozveren,A"]
[Black "Suzan,U"]
[Result "1/2-1/2"]
[WhiteElo "1933"]
[BlackElo "1746"]

1.Nf3 d5 2.c4 c6 3.d4 e6 4.g3 Nf6 5.Bg2 Nbd7 6.O-O Bd6 7.Nbd2 e5 8.dxe5 Nxe5
9.Nxe5 Bxe5 10.Nf3 Bc7 11.cxd5 cxd5 12.Bg5 Be6 13.Nd4 O-O 14.Rc1 Bb6 15.Qd3 h6
16.Bf4 Qd7 17.Rfd1 Rac8 18.Nxe6 fxe6 19.Qg6 Qf7 20.Qxf7+ Kxf7 21.Bf3 Rc6
22.Rxc6 bxc6 23.Rc1 Rc8 24.b4 Ke7 25.Be5 c5 26.bxc5 Rxc5 27.Rxc5 Bxc5 28.e3 g6
29.Be2 Bd6 30.Bd4 a5 31.f3 e5 32.Bb6 a4 33.Bd3 e4 34.fxe4 Nxe4 35.Kg2 Nc3
36.Bc2 Nxa2 37.Bxa4 Nc3 38.Bc6 Be5 39.Bc5+ Ke6 40.Bf8 h5 41.Be8 Kf6 42.Bc5 Ne4
43.Ba7 Bc7 44.Bd4+ Kg5 45.Bc6 Nf6 46.Bb7 Bd8 47.Kf3 h4 48.Be5 hxg3 49.Bxg3 Kh5
50.h3 g5 51.Bc8 Kg6 52.Be6 Bb6 53.Be5 Bd8 54.Bd4 Ba5 55.Ke2 Ne4 56.Be5 Nf6
57.Kd3 Bb6 58.Bd4 Ba5 59.Ba7 g4 60.hxg4 Kg5 61.Bb8 Nxg4 62.Bf4+ Kh4 63.Ke2 Bb6
64.Kf3 Nxe3 65.Be5 Kg5  1/2-1/2

[Event "ch-TUR 2012"]
[Site "Kemer TUR"]
[Date "2012.02.03"]
[Round "8"]
[White "Fazla,O"]
[Black "Citak,S"]
[Result "0-1"]
[WhiteElo "1835"]
[BlackElo "2390"]

1.Nf3 d5 2.c4 d4 3.e3 Nc6 4.exd4 Nxd4 5.h3 e5 6.Nc3 Nf6 7.Bd3 Bc5 8.Nxe5 O-O
9.O-O Nc6 10.Nxc6 Qxd3 11.Ne5 Qd4 12.Qe2 Re8 13.Nf3 Qd6 14.Qd1 Qd3 15.b3 Bf5
16.Na4 Bf8 17.Nb2 Qd7 18.d4 Rad8 19.Be3 Be4 20.Ng5 Bg6 21.Nd3 Qf5 22.Ne1 Rxe3
23.fxe3 Qxg5 24.Qf3 Be4 25.Qf4 Qxf4 26.Rxf4 Bd6 27.Rf2 Re8 28.Rd1 Bg3 29.Re2 h5
30.b4 h4 31.a4 Kf8 32.b5 Bg6 33.a5 Bf4 34.exf4 Rxe2 35.Nf3 Bh5 36.Nxh4 Rxg2+
37.Nxg2 Bxd1 38.Kf2 Bc2 39.c5 b6 40.axb6 axb6 41.Ne3 Bd3 42.cxb6 cxb6 43.Ke1 Bxb5
44.Kd2 Bd7 45.h4 Nh5 46.Nd5 b5 47.Ke3 Ng3 48.Nc7 Ke7 49.Nd5+ Kd6 50.Nc3 Nf5+
51.Kd3 Bc6 52.h5 Ng3 53.d5 Bxd5 54.Nxb5+ Kc5 55.Nc3 Nxh5 56.Ke3 Ng3 57.Nd1 Kd6
58.Nf2 Nf5+ 59.Kd3 Ke6 60.Nh3 f6 61.Nf2 Bf3 62.Nh3 g6 63.Nf2 Kd5 64.Kc3 Ng3
65.Kd3 Nf1 66.Nh3 Ke6 67.Kd4 Kf5 68.Kd3 Kg4  0-1

[Event "Moscow Open Women 2012"]
[Site "Moscow RUS"]
[Date "2012.02.03"]
[Round "7.17"]
[White "Zherebtsova,A"]
[Black "Cheremnova,T"]
[Result "1/2-1/2"]
[WhiteElo "2041"]
[BlackElo "2260"]

1.Nf3 d5 2.c4 e6 3.g3 c6 4.b3 Nf6 5.Bg2 Nbd7 6.Bb2 Bd6 7.d4 O-O 8.O-O Re8
9.Nc3 Ne4 10.Nd2 f5 11.Ndxe4 fxe4  1/2-1/2

[Event "34th Tringov Memorial"]
[Site "Plovdiv BUL"]
[Date "2012.02.03"]
[Round "7.19"]
[White "Petkov,V"]
[Black "Andreev,St"]
[Result "1-0"]
[WhiteElo "2519"]
[BlackElo "2203"]

1.Nf3 d5 2.c4 c6 3.e3 Nf6 4.Nc3 Nbd7 5.Qc2 e6 6.b3 Bd6 7.Bb2 Qe7 8.Be2 b6
9.cxd5 exd5 10.Nd4 Bb7 11.Nf5 Qf8 12.e4 d4 13.Nxd4 c5 14.Nf5 Be5 15.f3 g6
16.Ne3 a6 17.Nc4 Bd4 18.Nd1 Bxb2 19.Qxb2 b5 20.Na5 O-O-O 21.a4 b4 22.Ne3 Qd6
23.Nec4 Qc7 24.Nxb7 Kxb7 25.O-O Rhe8 26.Rac1 g5 27.Rfd1 Nd5 28.Bf1 Nf4 29.d4 Ne6
30.d5 Nd4 31.d6 Qb8 32.Rxd4 cxd4 33.Qxd4  1-0

[Event "Moscow Open 2012 A"]
[Site "Moscow RUS"]
[Date "2012.02.04"]
[Round "8.11"]
[White "Venkatesh,M"]
[Black "Savchenko,B"]
[Result "1/2-1/2"]
[WhiteElo "2499"]
[BlackElo "2609"]

1.Nf3 d5 2.c4 d4 3.g3 Nc6 4.Bg2 e5 5.Ng1 Nf6 6.d3 Bd6 7.Na3 O-O 8.Nc2 Re8
9.Rb1 a5 10.b3 Nb4 11.a3 Na2 12.Bb2 Nc3 13.Bxc3 dxc3 14.e4 Qe7 15.b4 axb4
16.axb4 c5 17.b5 Bc7 18.Ne3 Bg4 19.Qc2 Ra3 20.Ra1 Rea8 21.Rxa3 Rxa3 22.Qc1 Rb3
23.Qc2 Ra3 24.Qc1 Rb3 25.Qc2 Ra3 26.Qc1 Rb3  1/2-1/2

[Event "Moscow Open D 2012"]
[Site "Moscow RUS"]
[Date "2012.02.05"]
[Round "9"]
[White "Stukopin,A"]
[Black "Ipatov,A ESP"]
[Result "1/2-1/2"]
[WhiteElo "2460"]
[BlackElo "2586"]

1.Nf3 d5 2.c4 d4 3.e3 Nc6 4.exd4 Nxd4 5.Nxd4 Qxd4 6.d3 Nf6 7.Nc3 c6 8.Be3 Qd6
9.Be2 g6 10.O-O Bg7 11.d4 O-O 12.Bf3 Be6 13.d5 cxd5 14.cxd5 Bd7 15.g3 Bh3
16.Re1 Qd7 17.Bc5 Rfe8 18.Qa4 Qxa4 19.Nxa4 Nd7 20.Ba3 Ne5 21.Be2 h5 22.Rad1 Rac8
23.Nc3 a6 24.f4 Nc4 25.Bxc4 Rxc4 26.Ne4 Bd7 27.Nd2 Rd4 28.Nf3 Rxd1 29.Rxd1 Bf6
30.Ne5 Bf5 31.Kf2 Rc8 32.Ke3 Kg7 33.Bb4 Rc2 34.Rd2 Rc1 35.Bc3 g5  1/2-1/2

[Event "Moscow Open 2012 A"]
[Site "Moscow RUS"]
[Date "2012.02.05"]
[Round "9.78"]
[White "Prokopchuk,Y"]
[Black "Petrukhina,I"]
[Result "1/2-1/2"]
[WhiteElo "2331"]
[BlackElo "2202"]

1.Nf3 d5 2.c4 c6 3.cxd5 cxd5 4.d4 Nf6 5.Nc3 Nc6 6.Bf4 Bf5 7.e3 e6 8.Ne5 Nxe5
9.Bxe5 Nd7 10.Qb3 Nxe5 11.dxe5 Be7 12.Bb5+ Kf8 13.O-O Qb8 14.Rfe1 Qxe5 15.e4 dxe4
16.Bd3 g6 17.Bxe4 Bxe4 18.Rxe4 Qc7 19.Nb5 Qb6 20.Qc3 Rg8 21.Nc7 Rd8 22.Rae1 Rd6
23.Rb4 Bf6 24.Rxb6 Bxc3 25.Rxd6 Bxe1 26.Rd7 a6 27.a3 Kg7 28.Nxe6+ Kf6 29.Nc5 Re8
30.Rxb7 Bc3 31.g3 Bd4 32.Nd3 Re2 33.Rb4 Ba7 34.Ra4 Re6 35.Nb4 Bd4 36.b3 Re2
37.Nd3 Ba1 38.Rxa6+ Kf5 39.Nf4 Rd2 40.Kg2 Bd4 41.Nh3 f6 42.Ra5+ Ke4 43.g4 Bxf2
44.Nxf2+ Ke3 45.Ra6 Rxf2+ 46.Kg1 f5 47.gxf5 gxf5 48.Re6+ Kf3 49.Rf6 Rg2+
50.Kf1 Rxh2 51.Rxf5+ Ke4 52.Rf2 Rh3 53.Rb2 Rh1+ 54.Kg2 Ra1 55.a4 Ra3 56.Kg3 Kd4
57.Kh4 Kc3  1/2-1/2

[Event "61st ch-BUL w SF 2012"]
[Site "Plovdiv BUL"]
[Date "2012.02.06"]
[Round "1"]
[White "Ivanova,Si"]
[Black "Pencheva,Iva"]
[Result "1-0"]
[WhiteElo "1972"]
[BlackElo "1816"]

1.Nf3 d5 2.c4 e6 3.g3 f5 4.Bg2 Nf6 5.O-O Be7 6.d3 O-O 7.Nc3 c6 8.e4 dxe4
9.dxe4 Na6 10.e5 Nd7 11.h4 Qc7 12.Bf4 Nb6 13.Qe2 Bd7 14.a3 c5 15.Nb5 Qb8
16.Nd6 Nc8 17.Rad1 Nxd6 18.exd6 Bf6 19.Ne5 Qc8 20.Rd3 Bxe5 21.Bxe5 Nb8 22.Bc3 Nc6
23.b4 Nd8 24.Qe5 Rf7 25.b5 Be8 26.h5 h6 27.g4 Qd7 28.g5 hxg5 29.h6 Rf6 30.Rh3 g4
31.h7+ Kh8 32.Rh4 Rg6 33.Qxc5 Rc8 34.Qd4 b6 35.f3 e5 36.Qxe5 Nf7 37.Qe2 Qxd6
38.fxg4 fxg4 39.Rh5 Qd7 40.Rd5 Qe6 41.Qd3 Nd6 42.Rf8+ Kxh7 43.Rh5+  1-0